000 00445nam a2200157Ia 4500
003 GCL
008 140319s9999 xx 000 0 eng d
040 _aGCL /
_cGCL
082 0 4 _a947.084
_bK L
100 1 _aKEEP, JOHN
245 1 0 _aLAST OF THE EMPIRES: A HISTORY OF THE SOVIET VNION 1945-1991 /
_cKEEP, JOHN
260 _a[S.N] :
_bOXFORD UNIVERSITY PRESS ،
_c1995
300 _a477 P
650 0 4 _aSOVIET UNION - HISTORY
942 _2ddc
_cBK
999 _c11119
_d11119